000 00641nam a2200229 i 4500
001 C2-0292654
003 PPAK
005 20180728024641.0
008 090108s1999 nyu |||| ||||| | eng d
020 _a1883011655
040 _aPPAK
_beng
_cPPAK
_erda
082 0 4 _a808.83
_223
090 0 0 _a808.83
_bAME
_dLCK
245 0 0 _aAmerican sermons :
_bthe pilgrims to Martin Luther King, Jr.
264 1 _aNew York :
_bThe Library of America ,
_c1999
300 _a938 pages ;
_c21 cm
336 _2rdacontent
_atext
337 _2rdamedia
_aunmediated
338 _2rdacarrier
_avolume
650 1 0 _aShort stories, English
942 _ddc
_cB
999 _c97499
_d97499